Horseshoe Harry and the whale (Registro nro. 48543)
[ vista simple ]
| 000 -LÍDER | |
|---|---|
| Campo fijo de descripción fija | 00825nam a2200229 i 4500 |
| 001 - NÚMERO DE CONTROL | |
| Campo de control | BINCO |
| 003 - IDENTIFICADOR DEL NÚMERO DE CONTROL | |
| Campo de control | CO-MdBIC |
| 005 - FECHA Y HORA DE LA ULTIMA TRANSACCIÓN | |
| control field | 20200317170750.0 |
| 008 - ELEMENTOS DE LONGITUD FIJA -- INFORMACIÓN GENERAL | |
| Campo fijo de descripción fija -- Información general | 200317t1976 us a||ac |||| 00| j eng d |
| 020 ## - NÚMERO INTERNACIONAL NORMALIZADO PARA LIBROS | |
| Número Internacional Normalizado del libro | 0-8193-0885-4-6-2 |
| 040 ## - FUENTE DE CATALOGACIÓN | |
| Agencia de catalogación original | CO-MdBIC |
| Idioma de catalogación | spa. |
| Agencia que realiza la transcripción | CO-MdBIC |
| Agencia que realiza la modificación | CO-MdBIC |
| 082 04 - NÚMERO DE CLASIFICACIÓN DECIMAL DEWEY | |
| Número de clasificación | 813C |
| Número de la edición del Dewey | 22 |
| Clave de autor-Numero de item | L51h |
| 100 1# - ASIENTO PRINCIPAL--NOMBRE PERSONAL | |
| Nombre personal | de Leeuw, Adele |
| Título de una obra | Horseshoe Harry and the Whale |
| 245 10 - TÍTULO | |
| Título del Material | Horseshoe Harry and the whale |
| Mención de responsabilidad, etc. | / Adele de Leeuw ; Parents' Magazine Press ; ilustrado por Quentin Blake |
| 260 ## - PUBLICACIÓN, DISTRIBUCIÓN, ETC. (PIE DE IMPRENTA) | |
| Lugar de publicación, distribución, etc. | New York : Parents' Magazine Press |
| 264 ## - PRODUCCIÓN, PUBLICACIÓN, DISTRIBUCIÓN, MANUFACTURA, Y COPYRIGHT | |
| Lugar de producción, publicación, distribución, manufactura | New York : |
| Nombre del productor, publicador, distribuidor | Parents' Magazine Press , |
| Fecha de producción, publicación, distribución, manufactura, o copyright | ©1976 |
| 300 ## - DESCRIPCIÓN FÍSICA | |
| Extensión | [42 páginas] : |
| Otros detalles físicos | ilustrado a color : |
| Dimensiones | 20 cm. |
| 505 ## - NOTA DE CONTENIDO | |
| Nota de contenido con formato preestablecido | Cuenta la historia de un vaquero y sus aventuras. |
| 700 ## - ASIENTO SECUNDARIO - NOMBRE PERSONAL | |
| Nombre personal | de Leeuw, Adele |
| Responsabilidad | Escritor |
| 700 ## - ASIENTO SECUNDARIO - NOMBRE PERSONAL | |
| Nombre personal | Blake, Quentin |
| Responsabilidad | Ilustrador |
| 942 ## - TIPO DE MATERIAL (KOHA) | |
| Tipo de Item KOHA | Z- Libro General BINCO |
| Estado de Material | Estado de Perdido | Forma de Clasificación | Estado de Dañado | No para Préstamo | Colección | Tomo | Biblioteca de Origen | Biblioteca Permanente | Fecha de Adquisición | Total de Préstamos | Signatura Topográfica | Código de Barras | Última vez visto | Ejemplar/Existencia | Fecha de Remplazo | Tipo de Material |
|---|---|---|---|---|---|---|---|---|---|---|---|---|---|---|---|---|
| Dewey Decimal Classification | Colección Juvenil | Biblioteca Infantil Comunitaria BINCO | Biblioteca Infantil Comunitaria BINCO | 01/08/2008 | 813C L51h | B31800 | 17/03/2020 | 1 | 26/01/2016 | Z- Libro General BINCO |
